00328nam a2200109Ia 4500008004100000082000800041100001700049245003600066942000600102952009500108999001500203240331s9999 xx 000 0 und d bROB aRobert, J. L 4aThe portrait of a lady :bnotes cL 001040708LaWERCLbWERCLcSSCd2024-03-31l0o 820 ROBp4024r2024-03-31w2024-03-31yL c3201d3201